<?xml version="1.0" encoding="UTF-8"?>
<record
    xmlns:xsi="http://www.w3.org/2001/XMLSchema-instance"
    xsi:schemaLocation="http://www.loc.gov/MARC21/slim http://www.loc.gov/standards/marcxml/schema/MARC21slim.xsd"
    xmlns="http://www.loc.gov/MARC21/slim">

  <leader>02189nam a22002297a 4500</leader>
  <controlfield tag="005">20250527114828.0</controlfield>
  <controlfield tag="008">250527b2008    |||acdo| |||| 001 0 spa d</controlfield>
  <datafield tag="020" ind1=" " ind2=" ">
    <subfield code="a">978-92-806-4540-8</subfield>
  </datafield>
  <datafield tag="040" ind1=" " ind2=" ">
    <subfield code="a">CGIP0043</subfield>
    <subfield code="c">CGIP0043</subfield>
    <subfield code="e">RDA</subfield>
  </datafield>
  <datafield tag="082" ind1=" " ind2=" ">
    <subfield code="a">353.95/G943a</subfield>
  </datafield>
  <datafield tag="245" ind1=" " ind2=" ">
    <subfield code="a">Gu&#xED;a de aplicaci&#xF3;n de  las normas m&#xED;nimas en la educaci&#xF3;n en  situaciones de  emergencia</subfield>
    <subfield code="b">Fondo de las Naciones Unidas para la Infancia  Oficina Regional para Am&#xE9;rica Latina y El Caribe </subfield>
  </datafield>
  <datafield tag="300" ind1=" " ind2=" ">
    <subfield code="a">88p.</subfield>
  </datafield>
  <datafield tag="505" ind1=" " ind2=" ">
    <subfield code="a">Esta publicaci&#xF3;n se realiz&#xF3; en base al manual &#x201C;Normas M&#xED;nimas para la Educaci&#xF3;n 
en Situaciones de Emergencias, Crisis Cr&#xF3;nicas y Reconstrucci&#xF3;n Temprana&#x201D; 
de la Red Interagencial para la Educaci&#xF3;n en Situaciones de Emergencia (INEE).</subfield>
    <subfield code="r">Fondo de las Naciones Unidas para la Infancia  Oficina Regional para Am&#xE9;rica Latina y El Caribe </subfield>
  </datafield>
  <datafield tag="520" ind1=" " ind2=" ">
    <subfield code="a">Este documento est&#xE1; inspirado en las &#x201C;Normas m&#xED;nimas de la educaci&#xF3;n en situaciones de emergencia&#x201D; (INEE) y se busca presentar una versi&#xF3;n local, con el objetivo de que el sistema educativo 
de una comunidad que haya vivido o viva una situaci&#xF3;n de emergencia 
se restablezca a la brevedad posible y disponga de instrumentos, herramientas y sugerencias que le permitan alcanzar esta meta. 
Cuando nos referimos a las normas m&#xED;nimas en situaciones de emergencia nos referimos a los siguientes aspectos: 
1. Participaci&#xF3;n comunitaria.
2. Acceso por igual, protecci&#xF3;n y bienestar, e instalaciones educativas 
seguras para los ni&#xF1;os y las ni&#xF1;as.
3. Planes de estudio, capacitaci&#xF3;n, instrucci&#xF3;n adecuados a la situaci&#xF3;n 
que est&#xE1;n viviendo los y las estudiantes.
4. Reclutamiento, selecci&#xF3;n, condiciones de trabajo, apoyo y supervici&#xF3;n </subfield>
  </datafield>
  <datafield tag="650" ind1=" " ind2=" ">
    <subfield code="a"> Asistencia en emergencias </subfield>
  </datafield>
  <datafield tag="650" ind1=" " ind2=" ">
    <subfield code="a">Reclutamiento, selecci&#xF3;n, condiciones de trabajo, apoyo y supervici&#xF3;n</subfield>
  </datafield>
  <datafield tag="650" ind1=" " ind2=" ">
    <subfield code="a">Planificaci&#xF3;n de emergencia</subfield>
  </datafield>
  <datafield tag="650" ind1=" " ind2=" ">
    <subfield code="a">PREVENCION DE DESASTRES</subfield>
  </datafield>
  <datafield tag="651" ind1=" " ind2=" ">
    <subfield code="a">Fondo de las Naciones Unidas para la Infancia  Oficina Regional para Am&#xE9;rica Latina y El Caribe </subfield>
  </datafield>
  <datafield tag="710" ind1=" " ind2=" ">
    <subfield code="a">Fondo de las Naciones Unidas para la Infancia  Oficina Regional para Am&#xE9;rica Latina y El Caribe, UNICEF </subfield>
  </datafield>
  <datafield tag="942" ind1=" " ind2=" ">
    <subfield code="2">ddc</subfield>
    <subfield code="c">FOL</subfield>
    <subfield code="n">0</subfield>
  </datafield>
  <datafield tag="999" ind1=" " ind2=" ">
    <subfield code="c">13450</subfield>
    <subfield code="d">13450</subfield>
  </datafield>
  <datafield tag="952" ind1=" " ind2=" ">
    <subfield code="0">0</subfield>
    <subfield code="1">0</subfield>
    <subfield code="2">ddc</subfield>
    <subfield code="4">0</subfield>
    <subfield code="7">0</subfield>
    <subfield code="a">IDEICE</subfield>
    <subfield code="b">IDEICE</subfield>
    <subfield code="d">2025-05-27</subfield>
    <subfield code="l">0</subfield>
    <subfield code="r">2025-05-27 10:10:13</subfield>
    <subfield code="u">file:///C:/Users/silvia.diaz/OneDrive%20-%20Instituto%20Dominicano%20de%20Evaluaci%C3%B3n%20e%20Investigaci%C3%B3n%20de%20la%20Calidad%20Educativa/Escritorio/Jesus%20nuestra%20esperanza/Guia%20de%20Aplicacion%20de%20las%20Normas%20Minimas%20en%20la%20Educacion%20en%20Situaciones%20de%20Emergencia.pdf</subfield>
    <subfield code="w">2025-05-27</subfield>
    <subfield code="y">FOL</subfield>
  </datafield>
</record>
